Overwatch Hero Nationalities - Statistics

General Stats
  • This quiz has been taken 138 times
  • The average score is 39 of 48
Answer Stats
Hint Answer % Correct
Anran China
99%
Mei China
99%
Wuyang China
99%
Genji Japan
99%
Hanzo Japan
99%
Kiriko Japan
99%
Mizuki Japan
99%
Ashe United States
99%
Cassidy United States
99%
Reaper United States
99%
Soldier: 76 United States
99%
Widowmaker France
95%
Reinhardt Germany
94%
Junker Queen Australia
93%
Junkrat Australia
93%
Roadhog Australia
93%
Zarya Russia
93%
Sombra Mexico
92%
Lúcio Brazil
91%
Brigitte Sweden
91%
Torbjörn Sweden
91%
Domina India
89%
Symmetra India
89%
D.Va South Korea
89%
Ana Egypt
88%
Pharah Egypt
88%
Tracer England
86%
Sojourn Canada
81%
Venture Canada
81%
Moira Ireland
79%
Mercy Switzerland
75%
Vendetta Italy
74%
Winston The Moon
73%
Wrecking Ball The Moon
73%
Doomfist Nigeria
71%
Ramattra Nepal
69%
Zenyatta Nepal
69%
Sigma Netherlands
69%
Mauga Samoa
68%
Hazard Scotland
68%
Freja Denmark
66%
Juno Mars
64%
Lifeweaver Thailand
64%
Emre Turkey
60%
Orisa Numbani
57%
Baptiste Haiti
54%
Illari Peru
51%
Echo Singapore
25%
No matching quizzes found
Score Distribution
Percent of People with Each Score
Percentile by Number Answered
Your Score History
You have not taken this quiz